000 00199nam a22000857a 4500
008 170617b xxu||||| |||| 00| 0 eng d
100 _93476
_aAli. S
245 _aCommon Birds
260 _a387
_bN. B. T
_c2008
999 _c6850
_d6850